00568 a2200157 4500020001500000040001300015082001400028100002200042245004100064260004100105300002900146440003800175650002400213856008200237856009100319 a0849385814 aDLCbDLC00a621.310421 aGross, Charles A.10aElectric machines cCharles A. Gross aBoca Raton, FL :bCRC Press,cc2007. a450 p. :bill. ;c27 cm. 0aElectric power engineering series 0aElectric machinery.413Table of contents onlyuhttp://www.loc.gov/catdir/toc/ecip066/2006000146.html413Publisher descriptionuhttp://www.loc.gov/catdir/enhancements/fy0654/2006000146-d.html